| 000 | 00639nam a2200193 i 4500 | ||
|---|---|---|---|
| 001 | 75158 | ||
| 003 | ES-MaACL | ||
| 007 | t| | ||
| 008 | 040922s1916 sp ||||1| spa d | ||
| 100 | 1 |
_aGraham, María. _959523 |
|
| 245 | 1 | 0 |
_aDiario de su residencia en Chile (1822) y de su viaje al Brasil (1823) _b: San Martín, Cochrane, O'Higgins / _cMaría Graham ; prólogo de Juan Concha. |
| 260 |
_aMadrid : _bEditorial Americana, _c[1916] |
||
| 300 |
_a481 p. ; _c23 cm. |
||
| 490 | 1 | _aBiblioteca Ayacucho | |
| 700 | 1 |
_aConcha, Juan. _940073 |
|
| 830 | 0 |
_aBiblioteca Ayacucho _9177888 |
|
| 852 |
_aES-MaACL _jG-5388 |
||
| 999 |
_c75158 _d75158 |
||